000 00657nam a2200241Ia 4500
003 OSt
005 20220925214829.0
006 a|||||r|||| 00| 0
007 ta
008 220923b |||||||| |||| 00| 0 eng d
037 _cGeneral Book
040 _aRTL
_cRTL
_beng
041 _2eng
_aeng
082 _aY9(Z,1,5), L0
100 _aSchacht Richard
_975751
245 0 _aAlienation.
260 _aLondon
_bGeorge Allen and Unwin
_c1970
300 _aixv, 286p
_ccm.
500 _aBibliography: P 267-75
650 _aSociology of Law
_9230017
942 _hY9(Z,1,5), L0
_cGB
_2CC
999 _c566849
_d566849